Cardiac imaging secrets/ (Record no. 7283)

MARC details
000 -LEADER
fixed length control field 00654nam a22002057a 4500
003 - CONTROL NUMBER IDENTIFIER
control field OSt
005 - DATE AND TIME OF LATEST TRANSACTION
control field 20260112053734.0
008 - FIXED-LENGTH DATA ELEMENTS--GENERAL INFORMATION
fixed length control field 260112b |||||||| |||| 00| 0 eng d
020 ## - INTERNATIONAL STANDARD BOOK NUMBER
International Standard Book Number 1-56053-515-6.
040 ## - CATALOGING SOURCE
Original cataloging agency DWCL-Main lib.
Transcribing agency OC
082 ## - DEWEY DECIMAL CLASSIFICATION NUMBER
Classification number Circ. 616.10754 W429c 2004
100 ## - MAIN ENTRY--PERSONAL NAME
Personal name Weissman, Neil J.
245 ## - TITLE STATEMENT
Title Cardiac imaging secrets/
Statement of responsibility, etc. Neil J. Weissman
260 ## - PUBLICATION, DISTRIBUTION, ETC.
Place of publication, distribution, etc. Pa. :
Name of publisher, distributor, etc. Hanley & Belfus,
Date of publication, distribution, etc. c2004.
300 ## - PHYSICAL DESCRIPTION
Extent xiv, 395 pages :
Other physical details illustrations. ;
Dimensions 23 centimeters.
504 ## - BIBLIOGRAPHY, ETC. NOTE
Bibliography, etc. note Includes bibliographical references and index.
650 ## - SUBJECT ADDED ENTRY--TOPICAL TERM
Topical term or geographic name entry element 1. Heart-Imaging.
700 ## - ADDED ENTRY--PERSONAL NAME
Personal name Adelman, Gabriel A.
942 ## - ADDED ENTRY ELEMENTS (KOHA)
Source of classification or shelving scheme Dewey Decimal Classification
Koha item type Book Circulation
Classification part Circ.
Suppress in OPAC No
952 ## - LOCATION AND ITEM INFORMATION (KOHA)
--
Holdings
Withdrawn status Lost status Source of classification or shelving scheme Damaged status Not for loan Home library Current library Shelving location Date acquired Source of acquisition Cost, normal purchase price Total Checkouts Full call number Barcode Date last seen Copy number Price effective from Koha item type Uniform Resource Identifier
    Dewey Decimal Classification     College Library HM & Nursing Library Circulation 06/07/2007 School Fund 1.00   Circ. 616.10754 W429c 2004 CL44768 01/12/2026 c1 01/12/2026 BK-CIRC